Т. 87, вып. 5; Журнал прикладной химии

Podrobná bibliografie
Parent link:Журнал прикладной химии: химический журнал/ Российская академия наук. Т. 87, вып. 5.— , 1928-
Jazyk:ruština
Vydáno: 2014
Médium: Kniha
KOHA link:https://koha.lib.tpu.ru/cgi-bin/koha/opac-detail.pl?biblionumber=533973

MARC

LEADER 00000nam2a2200000 4500
001 533973
005 20231101113216.0
035 |a (RuTPU)RU\TPU\prd\222036 
090 |a 533973 
100 |a 20140826a19289999k y0rusy50 ca 
101 0 |a rus 
102 |a RU 
200 0 |a Т. 87, вып. 5 
210 |d 2014 
461 1 |0 (RuTPU)RU\TPU\prd\164  |t Журнал прикладной химии  |o химический журнал  |f Российская академия наук  |v Т. 87, вып. 5  |d 1928- 
801 0 |a RU  |b 63413507  |c 20010227  |g PSBO 
801 1 |a RU  |b 63413507  |c 20140826 
801 2 |a RU  |b 63413507  |c 20230411  |g RCR 
942 |c BK 
999 |a НТБ_ТПУ  |b НФ  |e -1/20140109  |p П-1753  |s 4/20130930  |u 0,00  |v 1